Quick Pick: Golf Terms Quiz Stats

 Plays Quiz Updated Aug 1, 2016

Challenge
Share
Tweet
Embed
Score 0/9 Timer 01:00
2 Plays Today
% Correct
E|0
93.6%
+3
88.7%
+2
87.6%
+1
86.3%
-1
84.6%
Hole in One
80.9%
-2
77.4%
-4
66.9%
-3
66.7%

Today's Daily Dose

You're not logged in!

Compare scores with friends on all Sporcle quizzes.
Join for Free
OR
Log In

You Might Also Like...

Show Comments

Extras

Top Quizzes Today


Score Distribution

Your Account Isn't Verified!

In order to create a playlist on Sporcle, you need to verify the email address you used during registration. Go to your Sporcle Settings to finish the process.

Report this User

Report this user for behavior that violates our Community Guidelines.

Details: